|
|
|
|
| LEADER |
01017nam a22002652a 4500 |
| 001 |
000068059 |
| 003 |
CZ BrMZK |
| 005 |
20070307155930.0 |
| 008 |
950407s1975 xr f cze d |
| 015 |
|
|
|a cnb000457789
|
| 035 |
|
|
|a (OCoLC)42117312
|
| 040 |
|
|
|a BOA001
|b cze
|
| 100 |
1 |
|
|a Kiša, Engelbert,
|d 1927-1981
|7 jk01060217
|4 aut
|
| 245 |
1 |
0 |
|a Organická chemie.
|n Část 2. Díl 2,
|p Pracovní a laboratorní cvičení.
|p Pracovní návody /
|c [Autor:] E. Kiša, M. Gregor
|
| 246 |
3 |
0 |
|a Pracovní a laboratorní cvičení
|
| 246 |
3 |
0 |
|a Pracovní návody
|
| 250 |
|
|
|a 1. vyd.
|
| 260 |
|
|
|a Brno :
|b Univerzita J.E. Purkyně,
|c 1975
|
| 300 |
|
|
|a 71 s.
|
| 700 |
1 |
|
|a Gregor, Miroslav
|7 xx0018742
|
| 910 |
|
|
|a BOA001
|b PK-N-0016.326,2/2
|
| 964 |
|
|
|a Laboratoře chemické - práce - bezpečnost - učebnice - školy vysoké
|
| 964 |
|
|
|a Laboratoře chemické - práce - učebnice - školy vysoké
|
| 990 |
|
|
|a BK
|
| 996 |
7 |
|
|b 3119960524
|c PK-N-0016.326,2/2
|l MZK
|r Sklad / do 1 hodiny
|n 3
|w 000068059
|u 000010
|a 1
|e BOA001
|j MZK50
|s A
|